| 000 | 00322nam a2200085Ia 4500 | ||
|---|---|---|---|
| 245 | 0 | _aThe lovebird : a guide to selection, housing, care, nutrition, behaviour, health and mutations | |
| 100 |
_a VAN DEN ABEELE, Dirk Warffum, Netherlands, [c.2003] _9100060 |
||
| 942 | _cBK | ||
| 008 | 210818s9999 xx 000 0 und d | ||
| 999 |
_c427571 _d427570 |
||